000 00334nam a2200133Ia 4500
008 151001s9999||||xx |||||||||||||| ||und||
100 _aचंन्दर
245 _aचीनी सुंदरी
250 _a1
260 _bहिंद पॉकेट बुक्स
260 _c1970
300 _a175
365 _b17
999 _c958872
_d958869